Statistics for Win the United Nations Election!

Click here to take the quiz!

General Stats

  • This quiz has been taken 1,416 times
  • The average score is 236 of 500

Answers on the Map

Answers color-coded by a green-red scale on the quiz's map according to % correct below.
 

Answer Stats

#Answer% Correct
15United States
98%
22China
96%
11Russia
96%
13Brazil
93%
21India
93%
7United Kingdom
92%
7France
91%
7Germany
89%
10Mexico
86%
3Canada
82%
4Spain
80%
10Japan
77%
2Australia
73%
9Egypt
73%
8Iran
73%
14Indonesia
70%
13Pakistan
68%
4Argentina
67%
6Italy
66%
2Niger
66%
8D.R. Congo
65%
13Nigeria
61%
6South Africa
61%
7Turkey
61%
3Ukraine
58%
4Algeria
56%
3Saudi Arabia
56%
3Poland
54%
9Ethiopia
52%
5South Korea
49%
8Vietnam
49%
7Thailand
48%
1Republic of the Congo
47%
4Sudan
46%
12Bangladesh
45%
3Iraq
44%
1Sweden
43%
2Peru
42%
9Philippines
42%
5Colombia
38%
2Chile
34%
5Myanmar
29%
1Libya
28%
1Norway
28%
1Dominican Republic
26%
2Kazakhstan
26%
6Kenya
26%
1Mongolia
25%
2Malaysia
24%
1Portugal
24%
1Finland
23%
6Tanzania
23%
3Angola
22%
3Morocco
22%
1Chad
21%
2Mali
21%
1Denmark
20%
1Ireland
20%
2Romania
20%
3Afghanistan
19%
2North Korea
19%
1New Zealand
17%
1Somalia
16%
2Yemen
15%
1Greece
14%
1Oman
14%
1Iceland
13%
2Syria
13%
4Uganda
13%
2Venezuela
13%
1Laos
12%
1Netherlands
12%
2Taiwan
12%
1United Arab Emirates
12%
1Bolivia
11%
1Central African Republic
9%
2Nepal
9%
1Belarus
8%
1Cambodia
8%
1Israel
8%
1Papua New Guinea
8%
1Tunisia
8%
1Austria
7%
1Belgium
7%
1Ecuador
7%
2Mozambique
7%
2Cameroon
6%
1Cuba
6%
2Ghana
6%
1Namibia
6%
1South Sudan
6%
1Switzerland
6%
1Bulgaria
5%
2Madagascar
5%
1Panama
5%
2Uzbekistan
5%
1Estonia
4%
1Guatemala
4%
1Latvia
4%
1Mauritania
4%
1Serbia
4%
1Uruguay
4%
1Bhutan
3%
1Czech Republic
3%
1Guinea
3%
1Haiti
3%
1Hungary
3%
1Jordan
3%
1Lithuania
3%
1Paraguay
3%
1Singapore
3%
2Sri Lanka
3%
1Togo
3%
2Zambia
3%
1Andorra
2%
1Armenia
2%
1Bahamas
2%
1Bahrain
2%
1Belize
2%
1Benin
2%
1Botswana
2%
1Fiji
2%
1Honduras
2%
1Kosovo
2%
1Lebanon
2%
1Liberia
2%
1Luxembourg
2%
2Malawi
2%
1Monaco
2%
1Nicaragua
2%
1North Macedonia
2%
1Qatar
2%
1Rwanda
2%
1Samoa
2%
1Senegal
2%
1Slovakia
2%
1Turkmenistan
2%
1Albania
1%
1Antigua and Barbuda
1%
1Bosnia and Herzegovina
1%
1Brunei
1%
2Burkina Faso
1%
1Burundi
1%
1Cape Verde
1%
1Comoros
1%
1Costa Rica
1%
1Croatia
1%
1Cyprus
1%
1Djibouti
1%
1Dominica
1%
1El Salvador
1%
1Eritrea
1%
1Gabon
1%
1Gambia
1%
1Georgia
1%
1Grenada
1%
1Guinea-Bissau
1%
1Guyana
1%
2Ivory Coast
1%
1Jamaica
1%
1Kiribati
1%
1Kuwait
1%
1Lesotho
1%
1Liechtenstein
1%
1Maldives
1%
1Malta
1%
1Micronesia
1%
1Moldova
1%
1Nauru
1%
1Palau
1%
1Saint Kitts
1%
1Saint Lucia
1%
1Saint Vincent
1%
1San Marino
1%
1Sao Tome and Principe
1%
1Slovenia
1%
1Solomon Islands
1%
1Suriname
1%
1Tajikistan
1%
1Tonga
1%
1Trinidad and Tobago
1%
1Tuvalu
1%
1Vanuatu
1%
1Vatican City
1%
1Zimbabwe
1%
1Azerbaijan
0%
1Barbados
0%
1East-Timor
0%
1Equatorial Guinea
0%
1Eswatini
0%
1Kyrgyzstan
0%
1Marshall Islands
0%
1Mauritius
0%
1Montenegro
0%
1Seychelles
0%
1Sierra Leone
0%

Score Distribution

Percentile by Number Answered

Percent of People with Each Score

Your Score History

You have not taken this quiz